00343nam a22001097a 4500003000400000020001800004082001400022100003900036245009900075260005100174300000800225SGT a9789381500552 a320bS24S aसिंह, आशुतोष  aसम -वेदना :कोरोना काल में स्वानुभूति bसुरुचि प्रकाशनc2024 a206